Las verdes colinas de Africa
Zapisane w:
| 1. autor: | |
|---|---|
| Format: | Książka |
| Język: | hiszpański |
| Wydane: |
Barcelona
Luis de Caralt
1986
|
| Wydanie: | 6a. ed |
| Seria: | Colección Gigante
|
| Hasła przedmiotowe: | |
| Etykiety: |
Dodaj etykietę
Nie ma etykietki, Dołącz pierwszą etykiete!
|
MARC
| LEADER | 00000nam a2200000 a 4500 | ||
|---|---|---|---|
| 001 | UCG2953 | ||
| 003 | CL-VaPUC | ||
| 008 | 100805e19860000SP |||||||||||||||||spa|d | ||
| 020 | |a 8421723898 | ||
| 082 | 0 | 4 | |a 813 |b HEM |2 21 |
| 100 | |a Hemingway, Ernest |e author |9 582258 | ||
| 245 | 1 | 4 | |a Las verdes colinas de Africa |
| 250 | |a 6a. ed | ||
| 300 | |a 297 p | ||
| 942 | |c BK | ||
| 945 | |d 20100805 00:00:00 |a cmena | ||
| 260 | |a Barcelona |b Luis de Caralt |c 1986 | ||
| 500 | |a No se trata sólo de un relato apasionante de cacerías en las selvas africanas de un deslumbrante safari, de la revelación de un mundo hecho a la medida de la indomable tensión de Hemingway...En estas páginas hay mucho más: el descubrimiento de una actitud ante la existencia, la premonición de su suicidio, los fundamentos psicológicos de su ruptura con las formas de vida americana | ||
| 650 | 0 | |a Novelas estadounidenses |9 265217 | |
| 650 | 0 | |a Literatura estadounidense |9 317168 | |
| 583 | |a last modification |c 20100805 00:00:00 |k Rodrigo Vera | ||
| 490 | 0 | |a Colección Gigante | |
| 999 | |c 342055 |d 342053 | ||
| 952 | |0 0 |1 0 |4 0 |6 813_000000000000000_HEM_1986 |7 0 |8 C |9 438005 |a BIBCUR |b BIBCUR |d 2019-11-22 |i 4681894 |o 813 HEM 1986 |p 4681894 |r 2025-04-22 |w 2019-11-22 |y BK |k CAC | ||